Grundlagen der Dienstleistungsproduktion

Salvato in:
Dettagli Bibliografici
Autore principale: Maleri, Rudolf
Natura: Libro
Lingua:tedesco
Pubblicazione: Berlin Springer 1991
Edizione:2. völlig neu bearb. und erweit. Aufl.
Tags: Aggiungi Tag
Nessun Tag, puoi essere il primo ad aggiungerne!!

MARC

LEADER 00000nam a2200000 4500
001 c022505
005 20221214093711.2
041 0 |a ger 
044 |a DE 
245 1 0 |a Grundlagen der Dienstleistungsproduktion  |c Rudolf Maleri 
250 |a 2. völlig neu bearb. und erweit. Aufl. 
264 1 |a Berlin  |b Springer  |c 1991 
300 |a 235 s. 
100 1 |a Maleri, Rudolf